Nghiên cứu ứng dụng công nghệ phần mềm hệ thống nhúng để phát triển thị giác robot

Tổng quan về hệ thống nhúng; Hệ thống thời gian thực và các kỹ thuật thực hiện phần mềm nhúng; Phát triển thị giác robot và các kỹ thuật nhận dạng; Kết quả thực nghiệm.

Salvato in:
Dettagli Bibliografici
Autore principale: Nguyễn Văn Đạt.
Altri autori: Ngô Văn Sỹ, TS. (hướng dẫn.)
Natura: Libro
Lingua:Vietnamese
Pubblicazione: Đà Nẵng : Đại học Đà Nẵng, 2005.
Soggetti:
Tags: Aggiungi Tag
Nessun Tag, puoi essere il primo ad aggiungerne! !
Thư viện lưu trữ: Mạng thư viện Đại học Đà Nẵng
LEADER 01597cam a2200373 a 4500
001 000043943
003 2077
005 20060222091044.0
008 010217b2005 vm 000 vie
040 |a LRC  |c LRC  |d LRC 
041 0 |a vie 
082 1 4 |a 629.892  |b NG-Đ 
100 1 |a Nguyễn Văn Đạt. 
245 1 0 |a Nghiên cứu ứng dụng công nghệ phần mềm hệ thống nhúng để phát triển thị giác robot  |h [Thesis - Luận văn] /  |c Nguyễn Văn Đạt thực hiện; Ngô Văn Sỹ hướng dẫn. 
260 |a Đà Nẵng :  |b Đại học Đà Nẵng,  |c 2005. 
300 |a iv, 74 tr. :  |b mh. ;  |c 29 cm +  |e 01 tóm tắt. 
520 3 |a Tổng quan về hệ thống nhúng; Hệ thống thời gian thực và các kỹ thuật thực hiện phần mềm nhúng; Phát triển thị giác robot và các kỹ thuật nhận dạng; Kết quả thực nghiệm. 
630 0 4 |a Robot. 
630 0 4 |a Hệ thống nhúng. 
650 0 4 |a Thị giác  |x Robot. 
700 1 |a Ngô Văn Sỹ,  |c TS.,  |e hướng dẫn. 
OWN |a DUT 
AVA |a UDN50  |b DUT  |c Internal Resources  |d 629.892 NG-Đ  |e available  |t Error 5001 Not defined in file expand_doc_bib_avail.  |f 1  |g 0  |h N  |i 0  |j NS  |k 1 
999 |a From the UDN01 
AVA |a UDN50  |b DUT  |c Internal Resources  |d 629.892 NG-Đ  |e available  |t Error 5001 Not defined in file expand_doc_bib_avail.  |f 1  |g 0  |h N  |i 0  |j NS  |k 1 
TYP |a Mixed Materials 
TYP |a Monograph 
TYP |a Printed language 
980 |a Mạng thư viện Đại học Đà Nẵng